00549cam a2200169 i 450000100100000000500170001000800410002702000150006804000250008308200160010810000280012424500380015226000370019030000210022795201140024899900170036200001876920200929165844.0781006s1977 fr 000 1 fre  a2246005183 aDO-SdBNPbspacBNPHU axxxxbD288n1 aDebray, Régis.94049213aLa neige brûle /cRegis Debray. aParis :bBernard Grasset,c1977. a281 p. ;c21 cm. 001050718MOaGRbGRcCTd2010-05-18iLF1l0oxxxx D288np18769-10r2020-06-25w2020-06-25y1ZNo se presta c18289d18289